Kanye West Outros - Statistics

General Stats
  • This quiz has been taken 81 times
  • The average score is 10 of 15
Answer Stats
Album Song % Correct
Graduation Good Night
92%
The College Dropout Last Call
92%
Yeezus Bound 2
87%
The Life Of Pablo Saint Pablo
85%
ye Violent Crimes
83%
My Beautiful Dark Twisted Fantasy Who Will Survive In America
82%
Late Registration Late
79%
KIDS SEE GHOSTS Cudi Montage
65%
808s & Heartbreak Pinocchio Story
63%
Vultures 1 KING
58%
JESUS IS KING Jesus Is Lord
48%
Donda Jesus Lord pt 2
41%
Watch The Throne (Deluxe) The Joy
35%
Watch The Throne Why I Love You
35%
Donda (Deluxe) Keep My Spirit Alive pt 2
25%
No matching quizzes found
Score Distribution
Percent of People with Each Score
Percentile by Number Answered
Your Score History
You have not taken this quiz